| 000 | 00715nam a2200229 i 4500 | ||
|---|---|---|---|
| 001 | bg | ||
| 100 | 1 | _aSEMPRUCH, Janusz | |
| 245 | 1 | 0 |
_aŚrodki techniczne transportu wewnątrzzakładowego / _cJanusz Sempruch, Tomasz Piątkowski. |
| 260 |
_aBydgoszcz : _bWydawnictwa Uczelniane Akademii Techniczno-Rolniczej, _ccop. 2002. |
||
| 300 |
_a158 s. : _bil. ; _c24 cm. |
||
| 504 | _aBibliogr., wykaz norm. | ||
| 650 | 9 |
_aTransport wewnętrzny _xurządzenia |
|
| 655 | _aPodręczniki akademickie | ||
| 700 | 1 | _aPIĄTKOWSKI, Tomasz | |
| 020 | _a8387274143 | ||
| 040 | _cBPK | ||
| 041 | 0 | _apl | |
| 080 | _a621.86/.87(075.8) | ||
| 920 | _a83-87274-14-3 | ||
| 942 | _cKS | ||
| 008 | s pl f |000 0 pol | ||
| 999 |
_c42434 _d42434 |
||
| 856 |
_uhttp://koha.tu.koszalin.pl/cgi-bin/koha/opac-detail.pl?biblionumber=42434 _yKatalog online BPK |
||